| Tag |
First Indicator |
Second Indicator |
Subfields |
| LEADER |
00000cam a2200000 a 4500 |
| 001 |
in00001041321 |
| 005 |
20150928151416.0 |
| 008 |
910628s1991 maua b 001 0 eng |
| 010 |
|
|
|a 91026492
|
| 020 |
|
|
|a 0792392094
|
| 035 |
|
|
|a (OCoLC)24106992
|
| 035 |
|
|
|9 AFH1194AM
|
| 040 |
|
|
|a DLC
|c DLC
|d TXA
|d UtOrBLW
|
| 049 |
|
|
|a TXAM
|
| 050 |
0 |
0 |
|a TK5102.5
|b .P352 1991
|
| 082 |
0 |
0 |
|a 621.3822
|2 20
|
| 245 |
0 |
0 |
|a Parallel algorithms and architectures for DSP applications /
|c edited by Magdy A. Bayoumi.
|
| 264 |
|
1 |
|a Boston :
|b Kluwer Academic Publishers,
|c [1991]
|
| 264 |
|
4 |
|c ©1991
|
| 300 |
|
|
|a xi, 283 pages :
|b illustrations ;
|c 25 cm.
|
| 336 |
|
|
|a text
|b txt
|2 rdacontent
|
| 337 |
|
|
|a unmediated
|b n
|2 rdamedia
|
| 338 |
|
|
|a volume
|b nc
|2 rdacarrier
|
| 490 |
1 |
|
|a Kluwer international series in engineering and computer science. VLSI, computer architecture, and digital signal processing
|
| 490 |
1 |
|
|a Kluwer international series in engineering and computer science ;
|v SECS 149
|
| 504 |
|
|
|a Includes bibliographical references and index.
|
| 650 |
|
0 |
|a Signal processing
|x Digital techniques.
|
| 650 |
|
0 |
|a Parallel processing (Electronic computers)
|
| 650 |
|
0 |
|a Computer architecture.
|
| 650 |
|
0 |
|a Integrated circuits
|x Very large scale integration.
|
| 700 |
1 |
|
|a Bayoumi, Magdy A.
|
| 830 |
|
0 |
|a Kluwer international series in engineering and computer science.
|p VLSI, computer architecture, and digital signal processing.
|
| 830 |
|
0 |
|a Kluwer international series in engineering and computer science ;
|v SECS 149.
|
| 999 |
|
|
|a MARS
|
| 999 |
f |
f |
|s 437ef9a1-fe1f-3090-86cf-3eaab43ba235
|i 74a3aecd-e12d-3a9b-b633-a6e45777d0b4
|t 0
|
| 952 |
f |
f |
|p ric
|a Texas A&M University
|b Rellis Campus
|c Joint Library Facility
|d Remote Storage
|t 0
|e TK5102.5 .P352 1991
|h Library of Congress classification
|i unmediated -- volume
|m A14815401674
|
| 998 |
f |
f |
|a TK5102.5 .P352 1991
|t 0
|l Remote Storage
|